000 00735nam a22002057a 4500
005 20251108164329.0
008 250721s1988 xx 000 0 ara d
082 1 4 _a921/شهر
100 1 _aالشهرزوري، كمال الدين أبو الفضل محمد
245 1 0 _aتاريخ الحكماء :
_bنزهة الأرواح و روضة الأفراح /
264 1 _aطرابلس (ليبيا) :
_bجمعية الدعوة الإسلامية،
_c1988.
300 _a472 ص
650 1 7 _aالتراجم
650 1 7 _aالفلاسفة
650 1 7 _aالتاريخ القديم
650 1 7 _aالفلسفة القديمة
700 1 _aأبو شويرب، عبد الكريم
_eتحقيق
942 _2ddc
_cBK
999 _c9516
_d9516